Don't Step on the cracks - Statistics

General Stats
  • This quiz has been taken 44 times
  • The average score is 28 of 99
Answer Stats
Sidewalk % Correct
s
100%
s
91%
s
91%
s
70%
j
65%
j
65%
s
65%
s
65%
s
65%
s
65%
s
65%
s
65%
s
65%
s
65%
s
65%
j
61%
s
61%
s
61%
s
61%
s
57%
j
48%
j
48%
j
48%
s
48%
s
48%
s
48%
s
48%
s
48%
s
48%
s
48%
s
48%
s
48%
s
48%
j
39%
s
39%
s
35%
s
35%
s
35%
s
35%
s
35%
j
30%
s
30%
s
30%
s
30%
s
30%
s
30%
s
30%
j
26%
s
26%
s
26%
s
26%
s
26%
s
26%
s
22%
s
22%
j
17%
s
17%
s
17%
s
17%
s
17%
s
13%
s
13%
s
13%
s
13%
j
9%
s
9%
j
4%
s
4%
s
4%
s
4%
s
4%
s
4%
s
4%
j
0%
j
0%
s
0%
s
0%
s
0%
s
0%
s
0%
s
0%
s
0%
s
0%
s
0%
s
0%
s
0%
s
0%
s
0%
s
0%
s
0%
s
0%
s
0%
s
0%
s
0%
s
0%
s
0%
s
0%
s
0%
s
0%
No matching quizzes found
Score Distribution
Percent of People with Each Score
Percentile by Number Answered
Your Score History
You have not taken this quiz